Manual de producción radiofónica : (Registro nro. 1206)

000 -CABECERA
Longitud fija campo de control 00552nam a22001817a 4500
003 - IDENTIFICADOR DELl NÚMERO DE CONTROL
Identificador del número de control OSt
005 - FECHA Y HORA DE LA ÚLTIMA TRANSACCIÓN
Fecha y hora de la última transacción 20150423171227.0
008 - CÓDIGOS DE INFORMACIÓN DE LONGITUD FIJA
Códigos de información de longitud fija 030206s2002 ck 000 0 spa d
020 ## - NÚMERO INTERNACIONAL NORMALIZADO PARA LIBROS
Número Internacional Normalizado para Libros (ISBN) 9684442424
040 ## - FUENTE DE LA CATALOGACIÓN
Centro transcriptor OSt
082 04 - NÚMERO DE LA CLASIFICACIÓN DECIMAL DEWEY
Número de edición DEWEY 21
Número de clasificación Decimal 384.54
Número de documento (Cutter) G767
100 1# - PUNTO DE ACCESO PRINCIPAL-NOMBRE DE PERSONA
Nombre de persona Gross S. Lynne
9 (RLIN) 1798
245 00 - TÍTULO PROPIAMENTE DICHO
Título Manual de producción radiofónica :
Resto del título Estudio y equipo /
Mención de responsabilidad, etc. Lynne S. Gross; David E. Reese
260 ## - PUBLICACIÓN, DISTRIBUCIÓN, ETC. (PIE DE IMPRENTA)
Lugar de publicación, distribución, etc. México :
Nombre del editor, distribuidor, etc. Alhambra,
Fecha de publicación, distribución, etc. 1997.
300 ## - DESCRIPCIÓN FÍSICA
Extensión 288 p.
650 04 - PUNTO DE ACCESO ADICIONAL DE MATERIA - TÉRMINO DE MATERIA
Fuente del encabezamiento o término LEMB
Subdivisión de materia general RADIODIFUSIÓN-PRODUCCIÓN
-- RADIOFÓNICA TÉCNICA
9 (RLIN) 1799
942 ## - ENTRADA DE ELEMENTOS AGREGADOS (KOHA)
Fuente de clasificaión o esquema
Koha [por defecto] tipo de item Libro
Existencias
Mostrar en OPAC Asignatura Forma de Material Fuente de clasificación o esquema Localización en estanterías Localización permanente Signatura completa Fecha adquisición Tipo de Descarte Número de copia Fecha de Descarte No para préstamo Restricciones de uso Disponibilidad Fecha última consulta Código de barras Localización actual
NULLUSAPColección General Fondo GeneralBiblioteca Central 384.54 G7672013-04-24NULLEj. 12013-04-24NULLNULLNULL2013-04-2401882Biblioteca Central
NULLUSAPColección General Fondo GeneralBiblioteca Central 384.54 G7672013-04-24NULLEj. 22013-04-24NULLNULLNULL2013-04-2401883Biblioteca Central
NULLUSAPColección General Fondo GeneralBiblioteca Central 384.54 G7672013-04-24NULLEj. 32013-04-24NULLNULLNULL2013-04-2401884Biblioteca Central
NULLUSAPColección General Fondo GeneralBiblioteca Central 384.54 G7672013-04-24NULLEj. 42013-04-24NULLNULLNULL2013-04-2401885Biblioteca Central
NULLUSAPColección General Fondo GeneralBiblioteca Central 384.54 G7672013-04-24NULLEj. 52013-04-24NULLNULLNULL2013-04-2401886Biblioteca Central

Campus Universitario - Ave. Circunvalación - San Pedro Sula, Honduras, C.A. / Tel: +504 2561.8777 / Fax: +504 2561.8787 / Email: info@usap.edu
Todos los Derechos Reservados. © MMXIII Universidad de San Pedro Sula